[Event "Berlin-ch"]
[Site "Berlin"]
[Date "2008.03.24"]
[Round "3"]
[White "Lueders, Gerhard"]
[Black "Gebigke, Martin"]
[Result "1/2-1/2"]
[WhiteElo "2275"]
[BlackElo "2157"]
[PlyCount "102"]
[EventDate "2008.03.22"]
[EventType "swiss"]
[EventRounds "9"]
[EventCountry "GER"]
[SourceTitle "CBM 123 Extra"]
[Source "ChessBase"]
[SourceDate "2008.05.06"]
[SourceVersion "1"]
[SourceVersionDate "2008.05.06"]
[SourceQuality "1"]

1. e4 g6 2. d4 d6 3. Nc3 Nf6 4. Be2 Bg7 5. Be3 c6 6. Qd2 b5 7. f3 Qa5 8. h4 h5 9. Nh3 Bxh3 10. Rxh3 Nbd7 11. Kf1 a6 12. Kg1 Qc7 13. Kh1 Nb6 14. b3 Nbd7 15. Rc1 c5 16. d5 Qa5 17. a4 bxa4 18. Nxa4 Qc7 19. Bf4 Ne5 20. Nb2 Nfd7 21. Nc4 Nxc4 22. Bxc4 Ne5 23. Be2 Qb6 24. Qe1 Kd7 25. Ra1 a5 26. Ra4 Ra7 27. Bd2 Rha8 28. Bc3 Bh8 29. Qa1 f6 30. Rg3 g5 31. hxg5 h4 32. Rh3 fxg5 33. f4 gxf4 34. Rxh4 Bf6 35. Rh3 Qd8 36. Qf1 Bg5 37. Bb5+ Kc7 38. Qe1 Kb8 39. Bxe5 dxe5 40. Bc6 Kc7 41. Qc3 Kd6 42. Rc4 Rc8 43. Rxc5 Qb6 44. Rc4 Qf2 45. Bb5 Rxc4 46. bxc4 Qc5 47. Rh5 Bf6 48. Qh3 Qc7 49. Bc6 Qb6 50. Rh6 Qe3 51. Qc8 Qe1+ 1/2-1/2

[Event "Berlin-ch"]
[Site "Berlin"]
[Date "2008.03.23"]
[Round "2"]
[White "Von Herman, Ulf"]
[Black "Lueders, Gerhard"]
[Result "1-0"]
[WhiteElo "2365"]
[BlackElo "2275"]
[PlyCount "59"]
[EventDate "2008.03.22"]
[EventType "swiss"]
[EventRounds "9"]
[EventCountry "GER"]
[SourceTitle "CBM 123 Extra"]
[Source "ChessBase"]
[SourceDate "2008.05.06"]
[SourceVersion "1"]
[SourceVersionDate "2008.05.06"]
[SourceQuality "1"]

1. d4 d5 2. c4 e6 3. Nc3 Nf6 4. Nf3 Be7 5. Bf4 0-0 6. e3 c6 7. Rc1 Nbd7 8. h3 Re8 9. Bd3 dxc4 10. Bxc4 b5 11. Bd3 a6 12. a4 Bb7 13. 0-0 Rc8 14. Qe2 b4 15. Ne4 Nxe4 16. Bxe4 Nf6 17. Bd3 Qa5 18. Ne5 c5 19. Nc4 Qd8 20. dxc5 Rxc5 21. e4 Bc6 22. Be3 Bxe4 23. Bxe4 Nxe4 24. Bxc5 Nxc5 25. Rfd1 Qa8 26. Nd6 Rd8 27. Rxc5 Bxd6 28. Rc4 Kf8 29. Rcd4 Qc6 30. Qd2 1-0